LIBRARY ONLINE CATALOGUE

Hacking 7 Exposed (Record no. 18415)

MARC details
000 -LEADER
fixed length control field 00546nam a22001817a 4500
008 - FIXED-LENGTH DATA ELEMENTS--GENERAL INFORMATION
fixed length control field 200805b xxu||||| |||| 00| 0 eng d
020 ## - INTERNATIONAL STANDARD BOOK NUMBER
International Standard Book Number 0071780289
050 ## - LIBRARY OF CONGRESS CALL NUMBER
Classification number TK5105.59
Item number .M33 2012 c.1
100 ## - MAIN ENTRY--PERSONAL NAME
Personal name McClure, Stuart
245 ## - TITLE STATEMENT
Title Hacking 7 Exposed
Remainder of title Network Security Secrets and Solutions
Statement of responsibility, etc. Stuart McClure
260 ## - PUBLICATION, DISTRIBUTION, ETC. (IMPRINT)
Place of publication, distribution, etc. New York
Name of publisher, distributor, etc. McGrawHill
Date of publication, distribution, etc. 2012
300 ## - PHYSICAL DESCRIPTION
Extent xxiv, 741p.
650 ## - SUBJECT ADDED ENTRY--TOPICAL TERM
Topical term or geographic name as entry element Computer networks
Form subdivision Security measures
650 ## - SUBJECT ADDED ENTRY--TOPICAL TERM
Topical term or geographic name as entry element Computer security
700 ## - ADDED ENTRY--PERSONAL NAME
Personal name Joel Scambray
700 ## - ADDED ENTRY--PERSONAL NAME
Personal name george Kurtz
942 ## - ADDED ENTRY ELEMENTS (KOHA)
Source of classification or shelving scheme Library of Congress Classification
Koha item type General Collection
Holdings
Withdrawn status Lost status Source of classification or shelving scheme Not for loan Home library Current library Date acquired Cost, normal purchase price Total Checkouts Full call number Barcode Date last seen Price effective from Koha item type Total Renewals Date last checked out
    Library of Congress Classification   Kabarak, Main Campus Kabarak, Main Campus 05/08/2020 5107.00   TK5105.59 .M33 2012 c.1 029923 05/08/2020 05/08/2020 General Collection    
    Library of Congress Classification   Kabarak, Main Campus Kabarak, Main Campus 05/08/2020 5107.00   TK5105.59 .M33 2012 c.2 029924 05/08/2020 05/08/2020 General Collection    
    Library of Congress Classification   Kabarak, Nakuru City Campus Kabarak, Nakuru City Campus 05/08/2020 5107.00 6 TK5105.59 .M33 2012 c.1 029925 04/03/2025 05/08/2020 General Collection 3 17/02/2025